Statistics for How many times these states voted GOP in last 4 elections

Click here to take the quiz!

General Stats

  • This quiz has been taken 47 times
  • The average score is 12 of 15

Answer Stats

QuestionAnswer% Correct
California0
93%
Oregon0
88%
Montana4
88%
Idaho4
88%
Washington0
86%
Wyoming4
86%
South Dakota4
81%
Nebraska4
81%
Utah4
79%
North Dakota4
79%
Kansas4
79%
Arizona3
74%
Colorado0
60%
Nevada0
57%
New Mexico0
52%

Score Distribution

Percentile by Number Answered

Percent of People with Each Score

Your Score History

You have not taken this quiz